00429nam a2200169Ia 4500003000400000008004100004040001600045082001300061100001800074245004500092700001700137260003400154300001000188490002400198650001500222650002200237GCL140319s9999 xx 000 0 eng d aGCL / cGCL04a843bG L1 aGARY, CHARLES10aLES MANGEURS D'ETOILES / cGARY, CHARLES1 aGARY, ROMAIN a[S.N] : bGALLIMARD ، c1993 a438 P aCOLLECTION FOLIOv004aLITERATURE04aFRENCH LITERATURE